Μοντελοποίηση συσκευασιών ελληνικών προϊόντων με τη βοήθεια της σχεδίασης πληροφορίας και σκοπό την προώθηση της αειφορίας : διπλωματική εργασία προπτυχιακού προγράμματος σπουδών

Η διπλωματική έχει σκοπό να διερευνήσει την πληροφορία που θα φέρουν ελληνικές συσκευές προϊόντων τροφίμων. Γενικότερος στόχος είναι η προσπάθεια ενίσχυσης της τοπικότητας και αλλαγής καταναλωτικής συμπεριφοράς δηλαδή η προώθηση ορισμένων βασικών ιδεών της αειφορίας. Με τη βοήθεια της σχεδίασης πληρ...

Full description

Saved in:
Bibliographic Details
Main Author: Στεργιάδου, Ζωή
Corporate Author: Πανεπιστήμιο Αιγαίου. Τμήμα Μηχανικών Σχεδίασης Προϊόντων και Συστημάτων
Other Authors: Σπύρου, Θωμάς (dgs [Επιβλέπων καθηγητής])
Format: Thesis Book
Language:Greek
Published: 2014.
Subjects:
Online Access:http://hdl.handle.net/11610/9178
Tags: Add Tag
No Tags, Be the first to tag this record!

MARC

LEADER 00000cam a2200000 i 4500
001 1/63967
008 150116s2014 gr | ||| |||| ||gre||
035 |l 10120504 
040 |a GR-MyUa  |b gre  |e AACR2 
041 0 |a gre 
082 7 |a 658.564   |2 (22)  
100 1 |a Στεργιάδου, Ζωή. 
245 1 0 |a Μοντελοποίηση συσκευασιών ελληνικών προϊόντων με τη βοήθεια της σχεδίασης πληροφορίας και σκοπό την προώθηση της αειφορίας :   |b διπλωματική εργασία προπτυχιακού προγράμματος σπουδών /   |c Ζωή Στεργιάδου ; επιβλέπων καθηγητής Θωμάς Σπύρου.  
260 |c 2014.  
300 |a 206 φύλλα :   |b εικ. ;   |c 30 εκ.  
502 |a Πτυχιακή εργασία - Πανεπιστήμιο Αιγαίου, Σύρος, 2014.  
504 |a Βιβλιογραφία: σ. 203-206.  
520 8 |a Η διπλωματική έχει σκοπό να διερευνήσει την πληροφορία που θα φέρουν ελληνικές συσκευές προϊόντων τροφίμων. Γενικότερος στόχος είναι η προσπάθεια ενίσχυσης της τοπικότητας και αλλαγής καταναλωτικής συμπεριφοράς δηλαδή η προώθηση ορισμένων βασικών ιδεών της αειφορίας. Με τη βοήθεια της σχεδίασης πληροφορίας θα επιχειρήσουμε να αναδείξουμε και να διατηρήσουμε την ελληνική κουλτούρα μέσα από τα προϊόντα της ακόμα και σε περιπτώσεις εξαγωγών.  
650 0 |a Packaging  |x Design. 
650 0 |a Sustainable design. 
650 0 |a Dissertations, Academic  |z Greece. 
700 1 |a Σπύρου, Θωμάς,  |e dgs [Επιβλέπων καθηγητής] 
710 2 |a Πανεπιστήμιο Αιγαίου.   |b Τμήμα Μηχανικών Σχεδίασης Προϊόντων και Συστημάτων. 
852 |a INST  |b SYROS  |c DIATR  |e 20150116  |h 658.564 ΣΤΕ  |p 005500012236  |q 005500012236  |t DIE  |y 23 
852 |a INST  |b SYROS  |c DIATR  |e 20150116  |h 658.564 ΣΤΕ  |p 005500012237  |q 005500012237  |t DIE  |y 23 
856 |u http://hdl.handle.net/11610/9178 
901 |a BIBL5-2015-1 
924 |a Στεργιάδου  |b Ζωή  |y Σύρος  |z 2014-11 
970 |a Κοντού  |b Παρασκευή  |z 16/01/2015